Normal view
MARC view
- Kulkarni N
Entry Personal Name
001 - CONTROL NUMBER
- control field: 211702
003 - CONTROL NUMBER IDENTIFIER
- control field: OSt
005 - DATE AND TIME OF LATEST TRANSACTION
- control field: 20250324102751.0
008 - FIXED-LENGTH DATA ELEMENTS
- fixed length control field: 250324|| aca||aabn | a|a d
040 ## - CATALOGING SOURCE
- Original cataloging agency: OSt
- Transcribing agency: OSt
100 ## - HEADING--PERSONAL NAME
- Personal name: Kulkarni N
670 ## - SOURCE DATA FOUND
- Source citation: Work cat.: (OSt)365705: Kulkarni N., हुतात्मा रामप्रसाद बिस्मिल आत्मकथा , 2024